000
00360nam a2200133Ia 4500
008
151001s9999||||xx |||||||||||||| ||und||
100
_a
रा गो तळवलकर
245
_a
हिंदू समाजसुधारणा
250
_a
1
260
_b
आर्यभूषण प्रेस
260
_c
1891
300
_a
50
365
_b
8.5
999
_c
948834
_d
948831